| 000 | 01218nam a22002657a 4500 | ||
|---|---|---|---|
| 005 | 20170123164152.0 | ||
| 010 | _aA-770813 | ||
| 020 |
_c15.00 _a8172013280 |
||
| 035 | _aA-770813 | ||
| 037 | _aCen Lib / Ret | ||
| 040 |
_aDPL _bPN |
||
| 082 |
_a851 _bਪ੍ਰਭਜੋ |
||
| 100 |
_aਪ੍ਰਭਜੋਤ ਕਰ _9127097 |
||
| 245 |
_aਸਮਕਾਲੀ ਪੰਜਾਬੀ ਕਵਿਤਾ : _cਪ੍ਰਭਜੋਤ ਕਰ ; ਜਸਬੀਰ ਸਿੰਘ _bਪੰਜਾਬੀ ਕਵਿਤਾਵਾਂ / |
||
| 246 |
_aSamkali punjabi kavita : an anthology of contemporary punjabi poetry _bcompiled by Prabhjot Kaur and Jasbir Singh |
||
| 260 |
_aਨੇਵੀ ਦਿੱਲੀ _bਸਾਹਿਤ੍ਯ ਅਕਾਦਮੀ _c1992 |
||
| 270 |
_aਸਾਹਿਤ੍ਯ ਅਕਾਦਮੀ _bਨੇਵੀ ਦਿੱਲੀ |
||
| 300 |
_a156p. _c22cm(Hb) |
||
| 650 |
_aਪੰਜਾਬੀ ਸਾਹਿਤ _9127098 |
||
| 650 |
_a ਪੰਜਾਬੀ ਕਵਿਤਾਵਾਂ _9127099 |
||
| 650 |
_aPunjabi - Poetry _9127100 |
||
| 650 |
_aLiterature -- Punjabi _9127101 |
||
| 700 |
_aਅਾਹਲੂਵਾਲਿਆ, ਜਸਬੀਰ ਸਿੰਘ _946993 |
||
| 942 |
_2ddc _cPN _h851 _mਪ੍ਰਭਜੋ |
||
| 999 |
_c110427 _d110427 |
||